| 000 | 00357 a2200169 4500 | ||
|---|---|---|---|
| 001 | 183122 | ||
| 020 | _a | ||
| 040 | _cMagnum | ||
| 100 | _aSouza, Alberto Jose de | ||
| 240 | 1 | 0 |
_aQuebrada estratosférica _lpor |
| 245 | 1 | 0 | _aQuebrada estratosférica |
| 300 | _a43 | ||
| 362 | 0 | _a1983 | |
| 440 | 1 | _aGlobo | |
| 697 | _aLITERATURA GERAL | ||
| 942 | _cBK | ||
| 999 |
_c183122 _d183122 |
||